Mestské múzeum a kultúrne centrum Prievidza
Na minha lista:
| Autor principal: | |
|---|---|
| Outros Autores: | |
| Formato: | Manuscrito Livro |
| Idioma: | eslovaco |
| Publicado em: |
2025
|
| Assuntos: | |
| Acesso em linha: | http://is.stuba.sk/zp/portal_zp.pl?podrobnosti=167849 CRZP |
| Tags: |
Sem tags, seja o primeiro a adicionar uma tag!
|
MARC
| LEADER | 00000ntm a22000003a 4500 | ||
|---|---|---|---|
| 001 | stuzp106070 | ||
| 003 | SK-STU | ||
| 005 | 20250722145516.0 | ||
| 007 | ta | ||
| 008 | 150427s2015----xo-----f-mn---000-0-slo-d | ||
| 040 | |a STU |b slo | ||
| 041 | 0 | |a slo | |
| 100 | 1 | |a Franek, Martin |u 010310 |4 aut |U SvF Stavebná fakulta |T SvF Katedra architektúry |X 115208 |U V181|V310 |Y 19 |7 115208 | |
| 242 | 0 | 1 | |a Municipal Museum and cultural centre, Prievidza |y eng |
| 245 | 1 | 0 | |a Mestské múzeum a kultúrne centrum Prievidza |
| 260 | |c 2025 | ||
| 650 | 4 | |a Múzeum |2 slo | |
| 650 | 4 | |a Kultúrne centrum |2 slo | |
| 650 | 4 | |a Mestské múzeum |2 slo | |
| 650 | 4 | |a Prievidza |2 slo | |
| 650 | 4 | |a Museum |2 eng | |
| 650 | 4 | |a Municipal Museum |2 eng | |
| 650 | 4 | |a Prievidza |2 eng | |
| 650 | 4 | |a cultural centre |2 eng | |
| 700 | 1 | |a Kuráň, Jozef |u 010310 |k Z8 |4 ths |U SvF Stavebná fakulta |T SvF Katedra architektúry |X 710 |U V181|V310 |Y 19 |7 A000000710 | |
| 856 | 4 | |u http://is.stuba.sk/zp/portal_zp.pl?podrobnosti=167849 | |
| 856 | 4 | |u https://opac.crzp.sk/?fn=detailBiblioForm&sid=12BF14ADF430A4F4B9F65BB4236B |z CRZP | |